| 000 | 00743cam a2200205 i 4500 | ||
|---|---|---|---|
| 005 | 20251216120020.0 | ||
| 008 | 250721s2016 le gr 000 0 ara d | ||
| 082 | 1 | 4 |
_a216.92 _bش و ا |
| 100 | 1 |
_aالشوابكة، رائد محمود أحمد _eمؤلف. |
|
| 245 | 1 | 0 |
_aأحكام المال المختلط / _cتأليف الدكتور رائد محمود أحمد الشوابكة. |
| 250 | _aالطبعة الأولى. | ||
| 264 | 3 | 1 |
_aبيروت : _bمؤسسة الرسالة ناشرون، _c2016. |
| 300 | _a328 صفحة. | ||
| 650 | 1 | 7 | _aالاحكام. |
| 650 | 1 | 7 | _aالفقه الاسلامي. |
| 650 | 1 | 7 | _aالنقود. |
| 653 | _aالحلال والحرام | ||
| 942 |
_2ddc _cBK |
||
| 999 |
_c136145 _d136145 |
||